=LDR 00000nam 2200000 4500 =001 INLIS000000000026852 =005 20161108143954.0 =006 =007 =008 ind =035 ##$$0010-061300000026852 =041 ##$$a ind =082 ##$$a 001.42 =090 ##$$a 001.42 San f =100 ##$$a Faisal, Sanapiah =245 ##$$a Format-format penelitian sosial =260 ##$$a 2007 $b Jakarta =300 ##$$a xi, 293 hlm., ilus., 21 cm =650 ##$$a Ilmu Sosial =650 ##$$a Penelitian =850 ##$$a NBPNMAT =990 ##$$a 0001/BPAP-NTB/2016